[Event "Bouches-du-Rhone-ch 1516"]
[Site "Vitrolles"]
[Date "2016.03.19"]
[Round "8"]
[White "Parroco, Pierre Jean"]
[Black "Derige Kane, Yan"]
[Result "0-1"]
[WhiteElo "1757"]
[BlackElo "1918"]
[PlyCount "64"]
[EventDate "2015.09.26"]
[EventType "tourn"]
[EventRounds "9"]
[EventCountry "FRA"]
[SourceTitle "EXT 2024"]
[Source "ChessBase"]
[SourceDate "2023.10.10"]
[SourceVersion "1"]
[SourceVersionDate "2023.10.10"]
[SourceQuality "1"]

1. e4 Nc6 2. d4 d5 3. e5 Bf5 4. g4 Be4 5. f3 Bg6 6. h4 h6 7. h5 Bh7 8. Bd3 Bxd3 9. Qxd3 e6 10. Ne2 Be7 11. 0-0 Qd7 12. c3 0-0-0 13. b4 Bf8 14. Nd2 f6 15. f4 f5 16. gxf5 exf5 17. Nb3 b6 18. Rb1 Nb8 19. a4 g6 20. hxg6 Ne7 21. a5 Rg8 22. axb6 axb6 23. Kf2 Nxg6 24. Ng3 Nh4 25. Nd2 Rg4 26. Nf3 Be7 27. Nh2 Rg6 28. Be3 Rdg8 29. Rg1 Qe6 30. Nf3 Rxg3 31. Rxg3 Rxg3 32. Kxg3 Qg6+ 0-1

[Event "Provence-ch prom Meyreuil 9900"]
[Site "France"]
[Date "1999.10.09"]
[Round "1"]
[White "Parroco, Pierre Jean"]
[Black "Desurmont, Sylvain"]
[Result "0-1"]
[WhiteElo "1630"]
[BlackElo "1940"]
[PlyCount "86"]
[EventDate "1999.??.??"]
[EventType "tourn"]
[EventRounds "9"]
[EventCountry "FRA"]
[SourceTitle "EXT 2005"]
[Source "ChessBase"]
[SourceDate "2004.11.15"]
[SourceVersion "1"]
[SourceVersionDate "2004.11.15"]
[SourceQuality "1"]

1. e4 d6 2. d4 Nf6 3. Nc3 c6 4. Nf3 Bg4 5. Be2 Qa5 6. 0-0 e6 7. h3 Bh5 8. Nh4 Be7 9. Bxh5 Qxh5 10. Qxh5 Nxh5 11. Nf3 h6 12. Re1 Nd7 13. d5 e5 14. Be3 g5 15. Ne2 Ndf6 16. dxc6 bxc6 17. Nc3 g4 18. hxg4 Nxg4 19. Nh2 Nxe3 20. Rxe3 Rg8 21. Ne2 Rg6 22. Rb3 0-0-0 23. a4 Rdg8 24. g3 Nf6 25. f3 h5 26. a5 d5 27. exd5 Nxd5 28. Ra4 f5 29. Rc4 f4 30. g4 hxg4 31. Nxg4 Ne3 32. Rxe3 fxe3 33. Re4 Bd6 34. Rxe3 Bc5 35. Kf2 Kc7 36. c3 Kd6 37. b4 Bxe3+ 38. Kxe3 Re8 39. Ng3 Kd5 40. Ne4 Kc4 41. Ngf2 Rf8 42. Nd3 Rxf3+ 43. Kxf3 Kxd3 0-1

[Event "Provence-ch prom Meyreuil 9900"]
[Site "France"]
[Date "1999.??.??"]
[Round "2"]
[White "Labbe, Philippe"]
[Black "Parroco, Pierre Jean"]
[Result "1-0"]
[WhiteElo "1890"]
[BlackElo "1630"]
[PlyCount "59"]
[EventDate "1999.??.??"]
[EventType "tourn"]
[EventRounds "9"]
[EventCountry "FRA"]
[SourceTitle "EXT 2005"]
[Source "ChessBase"]
[SourceDate "2004.11.15"]
[SourceVersion "1"]
[SourceVersionDate "2004.11.15"]
[SourceQuality "1"]

1. e4 e6 2. d4 d5 3. Nc3 Bb4 4. e5 c5 5. a3 Bxc3+ 6. bxc3 Qc7 7. Nf3 c4 8. g3 Nd7 9. a4 a5 10. Bh3 Ne7 11. Ba3 Nb6 12. Qd2 h6 13. Nh4 Ng6 14. Ng2 Bd7 15. f4 Nxa4 16. f5 exf5 17. Ne3 Nb6 18. Nxf5 Bxf5 19. Bxf5 Ne7 20. Bh3 0-0 21. 0-0 Nbc8 22. Rf2 Ra6 23. Raf1 Rc6 24. Bxc8 Rxc8 25. Rxf7 Re6 26. Qf2 Qd8 27. Rxg7+ Kxg7 28. Qf7+ Kh8 29. Qxe6 Ng8 30. Rf8 1-0

[Event "Provence-ch prom Meyreuil 9900"]
[Site "France"]
[Date "1999.??.??"]
[Round "3"]
[White "Parroco, Pierre Jean"]
[Black "Sage, Jean Claude"]
[Result "1-0"]
[WhiteElo "1630"]
[BlackElo "1590"]
[PlyCount "53"]
[EventDate "1999.??.??"]
[EventType "tourn"]
[EventRounds "9"]
[EventCountry "FRA"]
[SourceTitle "EXT 2005"]
[Source "ChessBase"]
[SourceDate "2004.11.15"]
[SourceVersion "1"]
[SourceVersionDate "2004.11.15"]
[SourceQuality "1"]

1. e4 e5 2. Nf3 Nc6 3. Bb5 Bc5 4. 0-0 Nd4 5. Nxd4 Bxd4 6. Qg4 Nf6 7. Qh4 c6 8. Be2 d6 9. d3 0-0 10. c3 Bb6 11. Qg3 Kh8 12. Kh1 Bc7 13. f4 Qe7 14. fxe5 dxe5 15. Bg5 Rg8 16. Qh4 Bd8 17. Nd2 b5 18. Rf2 Qe6 19. Raf1 Bd7 20. Nb3 Ng4 21. Rf3 f6 22. Rh3 Nh6 23. Bxh6 gxh6 24. Nc5 Qe7 25. Nxd7 Qxd7 26. Qxh6 Rg6 27. Qxg6 1-0

[Event "Provence-ch prom Meyreuil 9798"]
[Site "France"]
[Date "1998.??.??"]
[Round "9"]
[White "Parroco, Pierre Jean"]
[Black "Dhamelincourt, Gilbert"]
[Result "0-1"]
[WhiteElo "1620"]
[BlackElo "1640"]
[PlyCount "60"]
[EventDate "1997.??.??"]
[EventType "tourn"]
[EventRounds "9"]
[EventCountry "FRA"]
[SourceTitle "EXT 2005"]
[Source "ChessBase"]
[SourceDate "2004.11.15"]
[SourceVersion "1"]
[SourceVersionDate "2004.11.15"]
[SourceQuality "1"]

1. e4 e5 2. Nf3 Nc6 3. Bb5 Nd4 4. Nxd4 exd4 5. 0-0 c6 6. Bc4 b5 7. Bb3 Bd6 8. f4 Bb7 9. d3 h6 10. Qg4 g6 11. e5 Bc5 12. Nd2 Bc8 13. Qg3 Ne7 14. Ne4 Nf5 15. Qf2 Qe7 16. Nf6+ Kd8 17. Bd2 a5 18. c3 dxc3 19. Bxc3 Bxf2+ 20. Rxf2 b4 21. Be1 Ba6 22. Rd2 Bb5 23. a4 Ba6 24. Rc1 Nd4 25. Bd1 Bb7 26. Bf2 c5 27. Bg4 Bc6 28. Rc4 Bxa4 29. Bxd4 cxd4 30. Rxd4 Qc5 0-1